| 000 | 01151ctm a22002055a 4500 | ||
|---|---|---|---|
| 001 | L141515 | ||
| 008 | 071128s1894 xxk eng u | ||
| 035 | _a(Sirsi) u141515 | ||
| 041 | 0 | _aeng | |
| 245 | 0 | 0 |
_aArticles of partnership between Messrs Samuel Green, Edmund Horace Green and Frederick Algernon Green _bdated 2 July 1894 _h[manuscript] |
| 260 | _c2 July 1894 | ||
| 300 |
_a1 v. _bin folder _c29 cm. + _e2 sheets (25 x 40 cm, folded to 25 x 20 cm., and 20 x 26 cm.) |
||
| 340 | _aInk on paper | ||
| 351 | _aSingle item | ||
| 500 | _aSamuel Green was an auctioneer and surveyor, who carried out his business at 28 and 29 St Swithin's Lane, London. Edmund Horace and Frederick Algernon Green were his sons, and this document records their being taken into the business as partners. | ||
| 500 | _aItem is accompanied by a letter dated 2 July 1894 to Samuel Green from the accountants Alfd. Lass, Eood & Co., containing a statement of assets and liabilities, and a letter dated 6 July 1894 to Samuel Green from John Holmes & Son, solictiors, enclosing the articles of partnership. | ||
| 651 | 4 | _aLondon | |
| 690 | _aPROPERTY | ||
| 942 | _n0 | ||
| 999 |
_c116721 _d116721 |
||